01566nam a2200385 a 4500001001200000003000800012006001900020007001500039008004100054010001700095015001900112016001800131020002800149020002500177020001800202040002100220035002100241050002700262082001200289100002100301245013100322260003800453300001700491490008300508504006600591533015200657600007400809650002100883650001500904655002900919710001700948830007200965856012601037999001701163ebr10234847CaPaEBRm u cr cn|||||||||060818s2006 ne sb 001 0 eng  z 2006047330 aGBA6792012bnb7 z0135531682Uk z9004154310 (alk. paper) z9789004154315 (hbk.) z9789004154315 aCaPaEBRcCaPaEBR a(OCoLC)42751094714aB765.A83bD4328 2006eb04a1602221 aBoschung, Peter.10aFrom a topical point of viewh[electronic resource] :bdialectic in Anselm of Canterbury's De Grammatico /cby Peter Boschung. aLeiden ;aBoston :bBrill,c2006. aviii, 346 p.1 aStudien und Texte zur Geistesgeschichte des Mittelalters,x0169-8028 ;vBd. 90 aIncludes bibliographical references (p. [327]-333) and index. aElectronic reproduction.bPalo Alto, Calif. :cebrary,d2013.nAvailable via World Wide Web.nAccess may be limited to ebrary affiliated libraries.00aAnselm,cSaint, Archbishop of Canterbury,d1033-1109.tDe grammatico. 0aLogic, Medieval. 0aDialectic. 7aElectronic books.2local2 aebrary, Inc. 0aStudien und Texte zur Geistesgeschichte des Mittelalters ;vBd. 90.40uhttp://site.ebrary.com/lib/rucke/Doc?id=10234847zAn electronic book accessible through the World Wide Web; click to view c38359d38359